000 00661nam a2200205 a 4500
001 000002052
005 20240530073910.0
008 090630s2007 dr 000 1 spa d
040 _aDO-SdBNP
_bspa
_cBNPHU
082 _aRD863.44
_bS687c
100 1 _aSolís Rosado, Hermógenes,
_d1965-
_96608
245 1 3 _aEl cojo memé /
_cHermógenes Solís Rosado.
260 _aSanto Domingo :
_b[s.n.],
_c2007.
300 _a93 p. ;
_c18 cm.
590 _aLa biblioteca posee dos copias autógrafiadas por el autor
590 _aInventariado, 2020 / DG
650 0 _aNovela dominicana
_9223
650 0 _aLiteratura dominicana.
_967
910 _aJornada de catalogación
999 _c1916
_d1916